| 000 | 01400 a2200229 4500 | ||
|---|---|---|---|
| 001 | 14076 | ||
| 005 | 20260407155446.0 | ||
| 008 | 260407a2000 arg spa d | ||
| 003 | AR-UNSa-BCEJYS | ||
| 040 |
_aAR-UNSa-BCEJYS _bspa _cAR-UNSa-BCEJYS |
||
| 080 |
_a657.6 _xAuditoria (control interno) |
||
| 245 | 1 | 0 | _aContabilidad y auditoría ambiental |
| 020 | _a950-537-538-8 | ||
| 264 | 1 |
_aBuenos Aires : _bEdiciones Macchi _c2000 |
|
| 300 |
_axii, 243 p. _c22 cm. |
||
| 505 | _aI. La problemática ambiental y su influencia en la contabilidad: 1. La normativa contable internacional y el medio ambienta - 2. Pasivos ambientales - 3. Contingencias: implicancias ambientales - 4. Política empresaria de control ambiental - 5. Comité Internacional de Normas Contables (IASC), Norma Internacional de Contabilidad (IAS), "Provisiones, activos contingentes y pasivos contingentes". NIC 37 - 6. Leyes y otras normas que protegen el medio ambiente. Pautas de control a seguir por las empresas - 7. Impacto ambiental sobre la normativa contable argentina -- II. La auditoría del medio ambiente en el marco de la auditoría integral | ||
| 942 | _cBK | ||
| 590 | _aniveau_biblio:m niveau_hierar:0 | ||
| 100 | 1 | _aFronti de García, Luisa | |
| 700 | 1 | _aWainstein, Mario | |
| 856 | 4 | 1 |
_uhttps://biblioeco.unsa.edu.ar/pmb/images/libros/Contabilidad y Auditoria Ambiental-l86606.jpg _yImagen de portada _qimage/jpeg |
| 999 |
_c567 _d567 |
||